000 00723cam a22002413a 4500
001 3775
003 PGUSA
005 20140828083038.0
008 030201s2003||||xxu|||||s|||||000 | eng d
040 _aPGUSA
_beng
042 _adc
050 4 _aDC
100 1 _aAbbott, John S. C.
_q(John Stevens Cabot),
_d1805-1877
245 1 0 _aNapoleon Bonaparte
_h[electronic resource] /
_cJohn S. C. Abbott
260 _bProject Gutenberg,
_c2003
506 _aPublic domain in the USA.
516 _aElectronic text
653 _aEmperors -- France -- Biography
653 _aNapoleon I, Emperor of the French, 1769-1821
830 0 _aProject Gutenberg
_v3775
856 4 0 _uhttp://www.gutenberg.org/ebooks/3775
942 _cEB
999 _c233104
_d233104